000 00674nam a2200277Ia 4500
005 20260324140233.0
008 008 260324s9999 xx 000 0 eng d
020 _a9781003555797
037 _aEBOOK
040 _aCRL
040 _beng
040 _cCRL
041 _2eng
041 _aeng
084 _qCRL
100 _aE.M.C. van Houts
_91203632
245 0 _aHistory and Family Traditions in England and the Continent, 1000-1200
260 _bTaylor and Francis
260 _c1999
365 _a
365 _b230
856 _uhttp://www.taylorfrancis.com/books/9781003555797
942 _cEBOOK
999 _c1805504
_d1805504